00394nam a2200157Ia 4500003000400000008004100004040001600045082001300061100001700074245004300091260003100134300001000165490002400175650001500199650002200214GCL140319s9999 xx 000 0 eng d aGCL / cGCL04a843bF B1 aFALLET, RENE10aLE BRACONNIER DE DIEU / cFALLET, RENE a[S.N] : bDENOEL ، c1991 a211 P aCOLLECTION FOLIOv004aLITERATURE04aFRENCH LITERATURE